[Event "Mlada Boleslav Region-ch U20"]
[Site "Mlada Boleslav"]
[Date "2014.06.21"]
[Round "3"]
[White "Kucera, Adam Thomas"]
[Black "Dolezal, Karel1111"]
[Result "1-0"]
[WhiteElo "1284"]
[BlackElo "1233"]
[PlyCount "49"]
[EventDate "2014.06.21"]
[EventType "swiss"]
[EventRounds "7"]
[EventCountry "CZE"]
[SourceTitle "EXT 2016"]
[Source "ChessBase"]
[SourceDate "2015.10.08"]
[SourceVersion "1"]
[SourceVersionDate "2015.10.08"]
[SourceQuality "1"]

1. e4 e5 2. Nf3 d6 3. Bc4 Nc6 4. Nc3 h6 5. 0-0 Nf6 6. d3 Bg4 7. h3 Bh5 8. Be3 Be7 9. Re1 0-0 10. g4 Bg6 11. Kf1 a6 12. Ke2 b5 13. Bb3 b4 14. Nd5 Nxd5 15. Bxd5 Qd7 16. Rh1 Rab8 17. Qg1 Rfe8 18. h4 Kf8 19. g5 Rec8 20. h5 Bh7 21. gxh6 gxh6 22. Bxh6+ Ke8 23. Qg7 Bxe4 24. Qg8+ Bf8 25. Qxf8# 1-0

[Event "Mlada Boleslav Region-ch U20"]
[Site "Mlada Boleslav"]
[Date "2014.06.21"]
[Round "2"]
[White "Soukup, Jiri1111"]
[Black "Kucera, Adam Thomas"]
[Result "1-0"]
[WhiteElo "1491"]
[BlackElo "1284"]
[PlyCount "42"]
[EventDate "2014.06.21"]
[EventType "swiss"]
[EventRounds "7"]
[EventCountry "CZE"]
[SourceTitle "EXT 2016"]
[Source "ChessBase"]
[SourceDate "2015.10.08"]
[SourceVersion "1"]
[SourceVersionDate "2015.10.08"]
[SourceQuality "1"]

1. e4 c5 2. Nf3 Nc6 3. d4 cxd4 4. Nxd4 g6 5. Nc3 Bg7 6. Be3 e6 7. Be2 Nge7 8. 0-0 0-0 9. Kh1 a6 10. Qd2 b5 11. Nxc6 Nxc6 12. Bh6 Bb7 13. Bxg7 Kxg7 14. a3 Qe7 15. Rad1 Rad8 16. f4 Qc5 17. b4 Qe7 18. Rf3 Qe8 19. f5 exf5 20. exf5 Ne5 21. f6+ Kg8 1-0